New insights into business : workbook
Αποθηκεύτηκε σε:
| Κύριος συγγραφέας: | |
|---|---|
| Άλλοι συγγραφείς: | |
| Μορφή: | Βιβλίο |
| Γλώσσα: | English |
| Δημοσίευση: |
[London;] :
Longman,
c2004.
|
| Θέματα: | |
| Ετικέτες: |
Προσθήκη ετικέτας
Δεν υπάρχουν, Καταχωρήστε ετικέτα πρώτοι!
|
MARC
| LEADER | 00000cam a2200000 i 4500 | ||
|---|---|---|---|
| 001 | 1/106145 | ||
| 008 | 110913s2004 eng d | ||
| 020 | |a 0582-83803-7 | ||
| 035 | |l 10110807 | ||
| 040 | |a GR-MY-UA |b gre |e aacr | ||
| 041 | 0 | |a eng | |
| 082 | 0 | |a 428.202465 |2 (22) | |
| 100 | 1 | |a Tullis, Graham. | |
| 245 | 1 | 0 | |a New insights into business : |b workbook / |c Graham Tullis, Susan Power. |
| 260 | |a [London;] : |b Longman, |c c2004. | ||
| 300 | |a 96, xv.: |b εικ.; |c 28 εκ. | ||
| 500 | |a Includes new revision units for the TOEIC test. | ||
| 650 | 0 | 0 | |a English language |x Business English |x Textbooks for foreign speakers. |
| 650 | 0 | 0 | |a English language |x Business English |x Study and teaching |x Foreign speakers. |
| 700 | 1 | |a Power, Susan. | |
| 852 | |a INST |b CHIOS |e 20110916 |h 428.202465 TUL |p 005200031486 |q 005200031486 |t BK |y 0 | ||
| 852 | |a INST |b CHIOS |e 20110915 |h 428.202465 TUL |p 005200032702 |q 005200032702 |t BK |y 0 | ||
| 852 | |a INST |b CHIOS |e 20110915 |h 428.202465 TUL |p 005200032703 |q 005200032703 |t BK |y 0 | ||
| 852 | |a INST |b CHIOS |e 20110915 |h 428.202465 TUL |p 005200032704 |q 005200032704 |t BK |y 0 | ||
| 852 | |a INST |b CHIOS |e 20110915 |h 428.202465 TUL |p 005200032705 |q 005200032705 |t BK |y 0 | ||
| 852 | |a INST |b CHIOS |e 20110915 |h 428.202465 TUL |p 005200032706 |q 005200032706 |t BK |y 4 |x 20120215 | ||
| 852 | |a INST |b CHIOS |e 20110915 |h 428.202465 TUL |p 005200032708 |q 005200032708 |t BK |y 0 | ||
| 852 | |a INST |b CHIOS |e 20110915 |h 428.202465 TUL |p 005200032709 |q 005200032709 |t BK |y 0 | ||
| 852 | |a INST |b CHIOS |e 20110915 |h 428.202465 TUL |p 005200032710 |q 005200032710 |t BK |y 4 |x 20170630 | ||
| 852 | |a INST |b CHIOS |e 20110913 |h 428.202465 TUL |p 005200032724 |q 005200032724 |t BK |y 0 | ||
| 852 | |a INST |b CHIOS |e 20110913 |h 428.202465 TUL |p 005200032725 |q 005200032725 |t BK |y 0 | ||
| 852 | |a INST |b CHIOS |e 20110913 |h 428.202465 TUL |p 005200032726 |q 005200032726 |t BK |y 0 | ||
| 852 | |a INST |b CHIOS |e 20110913 |h 428.202465 TUL |p 005200032727 |q 005200032727 |t BK |y 0 | ||
| 852 | |a INST |b CHIOS |e 20111003 |h 428.202465 TUL |p 005200033449 |q 005200033449 |t BK |y 4 |x 20200215 | ||
| 852 | |a INST |b CHIOS |e 20111003 |h 428.202465 TUL |p 005200033450 |q 005200033450 |t BK |y 4 |x 20200215 | ||
| 852 | |a INST |b CHIOS |e 20111003 |h 428.202465 TUL |p 005200033451 |q 005200033451 |t BK |y 4 |x 20180228 | ||
| 852 | |a INST |b CHIOS |e 20111003 |h 428.202465 TUL |p 005200033452 |q 005200033452 |t BK |y 4 |x 20200215 | ||
| 852 | |a INST |b CHIOS |e 20111003 |h 428.202465 TUL |p 005200033453 |q 005200033453 |t BK |y 4 |x 20211210 | ||
| 852 | |a INST |b CHIOS |e 20111003 |h 428.202465 TUL |p 005200033454 |q 005200033454 |t BK |y 0 | ||
| 852 | |a INST |b CHIOS |e 20111003 |h 428.202465 TUL |p 005200033455 |q 005200033455 |t BK |y 0 | ||
| 852 | |a INST |b CHIOS |e 20111003 |h 428.202465 TUL |p 005200033456 |q 005200033456 |t BK |y 4 |x 20120330 | ||
| 852 | |a INST |b CHIOS |e 20111003 |h 428.202465 TUL |p 005200033457 |q 005200033457 |t BK |y 4 |x 20200215 | ||
| 852 | |a INST |b CHIOS |e 20111003 |h 428.202465 TUL |p 005200033458 |q 005200033458 |t BK |y 4 |x 20211209 | ||
| 852 | |a INST |b CHIOS |e 20111003 |h 428.202465 TUL |p 005200033459 |q 005200033459 |t BK |y 4 |x 20200215 | ||
| 852 | |a INST |b CHIOS |e 20111003 |h 428.202465 TUL |p 005200033460 |q 005200033460 |t BK |y 4 |x 20211210 | ||
| 852 | |a INST |b CHIOS |e 20111003 |h 428.202465 TUL |p 005200033461 |q 005200033461 |t BK |y 4 |x 20211217 | ||
| 852 | |a INST |b CHIOS |e 20111003 |h 428.202465 TUL |p 005200033462 |q 005200033462 |t BK |y 0 | ||
| 852 | |a INST |b CHIOS |e 20111003 |h 428.202465 TUL |p 005200033463 |q 005200033463 |t BK |y 4 |x 20200215 | ||
| 852 | |a INST |b CHIOS |e 20111003 |h 428.202465 TUL |p 005200033464 |q 005200033464 |t BK |y 0 | ||
| 852 | |a INST |b CHIOS |e 20111003 |h 428.202465 TUL |p 005200033465 |q 005200033465 |t BK |y 4 |x 20211220 | ||
| 852 | |a INST |b CHIOS |e 20111003 |h 428.202465 TUL |p 005200033466 |q 005200033466 |t BK |y 4 |x 20220114 | ||
| 852 | |a INST |b CHIOS |e 20111003 |h 428.202465 TUL |p 005200033467 |q 005200033467 |t BK |y 4 |x 20190228 | ||
| 852 | |a INST |b CHIOS |e 20111003 |h 428.202465 TUL |p 005200033468 |q 005200033468 |t BK |y 4 |x 20220118 | ||
| 852 | |a INST |b CHIOS |e 20111003 |h 428.202465 TUL |p 005200033469 |q 005200033469 |t BK |y 0 | ||
| 852 | |a INST |b CHIOS |e 20111003 |h 428.202465 TUL |p 005200033470 |q 005200033470 |t BK |y 4 |x 20200215 | ||
| 852 | |a INST |b CHIOS |e 20111003 |h 428.202465 TUL |p 005200033471 |q 005200033471 |t BK |y 4 |x 20211215 | ||
| 852 | |a INST |b CHIOS |e 20111003 |h 428.202465 TUL |p 005200033472 |q 005200033472 |t BK |y 4 |x 20200215 | ||
| 852 | |a INST |b CHIOS |e 20111003 |h 428.202465 TUL |p 005200033473 |q 005200033473 |t BK |y 4 |x 20200215 | ||
| 852 | |a INST |b CHIOS |e 20111003 |h 428.202465 TUL |p 005200033474 |q 005200033474 |t BK |y 4 |x 20211210 | ||
| 852 | |a INST |b CHIOS |e 20111003 |h 428.202465 TUL |p 005200033475 |q 005200033475 |t BK |y 4 |x 20220110 | ||
| 852 | |a INST |b CHIOS |e 20110930 |h 428.202465 TUL |p 005200033476 |q 005200033476 |t BK |y 0 | ||
| 852 | |a INST |b CHIOS |e 20110930 |h 428.202465 TUL |p 005200033477 |q 005200033477 |t BK |y 0 | ||
| 852 | |a INST |b CHIOS |e 20110930 |h 428.202465 TUL |p 005200033478 |q 005200033478 |t BK |y 4 |x 20150216 | ||
| 852 | |a INST |b CHIOS |e 20110930 |h 428.202465 TUL |p 005200033479 |q 005200033479 |t BK |y 0 | ||
| 852 | |a INST |b CHIOS |e 20110930 |h 428.202465 TUL |p 005200033480 |q 005200033480 |t BK |y 4 |x 20160219 | ||
| 852 | |a INST |b CHIOS |e 20111003 |h 428.202465 TUL |p 005200033481 |q 005200033481 |t BK |y 4 |x 20200215 | ||
| 852 | |a INST |b CHIOS |e 20110930 |h 428.202465 TUL |p 005200033482 |q 005200033482 |t BK |y 0 | ||
| 852 | |a INST |b CHIOS |e 20110930 |h 428.202465 TUL |p 005200033483 |q 005200033483 |t BK |y 4 |x 20150216 | ||
| 852 | |a INST |b CHIOS |e 20111003 |h 428.202465 TUL |p 005200033484 |q 005200033484 |t BK |y 4 |x 20220110 | ||
| 852 | |a INST |b CHIOS |e 20111003 |h 428.202465 TUL |p 005200033485 |q 005200033485 |t BK |y 4 |x 20211217 | ||
| 852 | |a INST |b CHIOS |e 20111003 |h 428.202465 TUL |p 005200033486 |q 005200033486 |t BK |y 4 |x 20150216 | ||
| 852 | |a INST |b CHIOS |e 20111003 |h 428.202465 TUL |p 005200033487 |q 005200033487 |t BK |y 4 |x 20211217 | ||
| 852 | |a INST |b CHIOS |e 20111003 |h 428.202465 TUL |p 005200033488 |q 005200033488 |t BK |y 4 |x 20211216 | ||
| 852 | |a INST |b CHIOS |e 20111003 |h 428.202465 TUL |p 005200033489 |q 005200033489 |t BK |y 4 |x 20140131 | ||
| 852 | |a INST |b CHIOS |e 20111003 |h 428.202465 TUL |p 005200033490 |q 005200033490 |t BK |y 4 |x 20140131 | ||
| 852 | |a INST |b CHIOS |e 20111003 |h 428.202465 TUL |p 005200033491 |q 005200033491 |t BK |y 0 | ||
| 852 | |a INST |b CHIOS |e 20111003 |h 428.202465 TUL |p 005200033492 |q 005200033492 |t BK |y 4 |x 20211217 | ||
| 852 | |a INST |b CHIOS |e 20110930 |h 428.202465 TUL |p 005200033495 |q 005200033495 |t BK |y 4 |x 20140630 | ||
| 852 | |a INST |b CHIOS |e 20110930 |h 428.202465 TUL |p 005200033496 |q 005200033496 |t BK |y 0 | ||
| 852 | |a INST |b CHIOS |e 20110930 |h 428.202465 TUL |p 005200033497 |q 005200033497 |t BK |y 4 |x 20200215 | ||
| 852 | |a INST |b CHIOS |e 20110930 |h 428.202465 TUL |p 005200033498 |q 005200033498 |t BK |y 4 |x 20211209 | ||
| 852 | |a INST |b CHIOS |e 20110930 |h 428.202465 TUL |p 005200033499 |q 005200033499 |t BK |y 4 |x 20130220 | ||
| 852 | |a INST |b CHIOS |e 20110930 |h 428.202465 TUL |p 005200033500 |q 005200033500 |t BK |y 4 |x 20200215 | ||
| 852 | |a INST |b CHIOS |e 20110930 |h 428.202465 TUL |p 005200033501 |q 005200033501 |t BK |y 4 |x 20211116 | ||
| 852 | |a INST |b CHIOS |e 20110929 |h 428.202465 TUL |p 005200033539 |q 005200033539 |t BK |y 4 |x 20220118 | ||
| 852 | |a INST |b CHIOS |e 20110929 |h 428.202465 TUL |p 005200033540 |q 005200033540 |t BK |y 0 | ||
| 852 | |a INST |b CHIOS |e 20110929 |h 428.202465 TUL |p 005200033541 |q 005200033541 |t BK |y 4 |x 20200215 | ||
| 852 | |a INST |b CHIOS |e 20110929 |h 428.202465 TUL |p 005200033543 |q 005200033543 |t BK |y 4 |x 20211220 | ||
| 852 | |a INST |b CHIOS |e 20110929 |h 428.202465 TUL |p 005200033544 |q 005200033544 |t BK |y 4 |x 20150216 | ||
| 852 | |a INST |b CHIOS |e 20110929 |h 428.202465 TUL |p 005200033545 |q 005200033545 |t BK |y 4 |x 20120215 | ||
| 852 | |a INST |b CHIOS |e 20110929 |h 428.202465 TUL |p 005200033546 |q 005200033546 |t BK |y 4 |x 20211130 | ||
| 852 | |a INST |b CHIOS |e 20110929 |h 428.202465 TUL |p 005200033547 |q 005200038397 |t BK |y 12 | ||
| 852 | |a INST |b CHIOS |e 20110929 |h 428.202465 TUL |p 005200033548 |q 005200033548 |t BK |y 4 |x 20220114 | ||
| 852 | |a INST |b CHIOS |e 20110929 |h 428.202465 TUL |p 005200033549 |q 005200033549 |t BK |y 4 |x 20220107 | ||
| 852 | |a INST |b CHIOS |e 20110929 |h 428.202465 TUL |p 005200033550 |q 005200033550 |t BK |y 0 | ||
| 852 | |a INST |b CHIOS |e 20110929 |h 428.202465 TUL |p 005200033551 |q 005200033551 |t BK |y 4 |x 20130220 | ||
| 852 | |a INST |b CHIOS |e 20110929 |h 428.202465 TUL |p 005200033552 |q 005200033552 |t BK |y 4 |x 20211130 | ||
| 852 | |a INST |b CHIOS |e 20110929 |h 428.202465 TUL |p 005200033553 |q 005200033553 |t BK |y 4 |x 20200215 | ||
| 852 | |a INST |b CHIOS |e 20110929 |h 428.202465 TUL |p 005200033554 |q 005200033554 |t BK |y 4 |x 20211112 | ||
| 852 | |a INST |b CHIOS |e 20110929 |h 428.202465 TUL |p 005200033555 |q 005200033555 |t BK |y 4 |x 20200215 | ||
| 852 | |a INST |b CHIOS |e 20110929 |h 428.202465 TUL |p 005200033556 |q 005200038406 |t BK |y 4 |x 20220118 | ||
| 852 | |a INST |b CHIOS |e 20110929 |h 428.202465 TUL |p 005200033557 |q 005200033557 |t BK |y 4 |x 20211217 | ||
| 852 | |a INST |b CHIOS |e 20110930 |h 428.202465 TUL |p 005200033558 |q 005200033558 |t BK |y 4 |x 20220107 | ||
| 852 | |a INST |b CHIOS |e 20110929 |h 428.202465 TUL |p 005200033559 |q 005200033559 |t BK |y 4 |x 20211216 | ||
| 852 | |a INST |b CHIOS |e 20110929 |h 428.202465 TUL |p 005200033560 |q 005200033560 |t BK |y 4 |x 20200215 | ||
| 852 | |a INST |b CHIOS |e 20110929 |h 428.202465 TUL |p 005200033561 |q 005200033561 |t BK |y 4 |x 20170228 | ||
| 852 | |a INST |b CHIOS |e 20110930 |h 428.202465 TUL |p 005200033562 |q 005200033562 |t BK |y 4 |x 20220110 | ||
| 852 | |a INST |b CHIOS |e 20110930 |h 428.202465 TUL |p 005200033563 |q 005200033563 |t BK |y 12 | ||
| 852 | |a INST |b CHIOS |e 20110930 |h 428.202465 TUL |p 005200033564 |q 005200033564 |t BK |y 0 | ||
| 852 | |a INST |b CHIOS |e 20110930 |h 428.202465 TUL |p 005200033565 |q 005200033565 |t BK |y 4 |x 20150216 | ||
| 852 | |a INST |b CHIOS |e 20110930 |h 428.202465 TUL |p 005200033566 |q 005200033566 |t BK |y 4 |x 20160219 | ||
| 852 | |a INST |b CHIOS |e 20110930 |h 428.202465 TUL |p 005200033567 |q 005200033567 |t BK |y 12 | ||
| 852 | |a INST |b CHIOS |e 20110930 |h 428.202465 TUL |p 005200033568 |q 005200033568 |t BK |y 4 |x 20190228 | ||
| 852 | |a INST |b CHIOS |e 20110930 |h 428.202465 TUL |p 005200033569 |q 005200033569 |t BK |y 4 |x 20200215 | ||
| 852 | |a INST |b CHIOS |e 20110930 |h 428.202465 TUL |p 005200033570 |q 005200033570 |t BK |y 4 |x 20170228 | ||
| 852 | |a INST |b CHIOS |e 20110930 |h 428.202465 TUL |p 005200033571 |q 005200033571 |t BK |y 4 |x 20211116 | ||
| 852 | |a INST |b CHIOS |e 20110921 |h 428.202465 TUL |p 005200033774 |q 005200033774 |t BK |y 12 | ||
| 852 | |a INST |b CHIOS |e 20110921 |h 428.202465 TUL |p 005200033775 |q 005200033775 |t BK |y 0 | ||
| 852 | |a INST |b CHIOS |e 20110921 |h 428.202465 TUL |p 005200033776 |q 005200033776 |t BK |y 0 | ||
| 852 | |a INST |b CHIOS |e 20110921 |h 428.202465 TUL |p 005200033777 |q 005200033777 |t BK |y 4 |x 20170228 | ||
| 852 | |a INST |b CHIOS |e 20110921 |h 428.202465 TUL |p 005200033778 |q 005200033778 |t BK |y 4 |x 20120215 | ||
| 852 | |a INST |b CHIOS |e 20110921 |h 428.202465 TUL |p 005200033788 |q 005200033788 |t BK |y 0 | ||
| 852 | |a INST |b CHIOS |e 20110921 |h 428.202465 TUL |p 005200033796 |q 005200033796 |t BK |y 0 | ||
| 852 | |a INST |b CHIOS |e 20110921 |h 428.202465 TUL |p 005200033797 |q 005200033797 |t BK |y 12 | ||
| 852 | |a INST |b CHIOS |e 20111014 |h 428.202465 TUL |p 005200033798 |q 005200033798 |t BK |y 12 | ||
| 852 | |a INST |b CHIOS |e 20110921 |h 428.202465 TUL |p 005200033799 |q 005200033799 |t BK |y 0 | ||
| 852 | |a INST |b CHIOS |e 20110921 |h 428.202465 TUL |p 005200033801 |q 005200033801 |t BK |y 0 | ||
| 852 | |a INST |b CHIOS |e 20110921 |h 428.202465 TUL |p 005200033802 |q 005200033802 |t BK |y 0 | ||
| 852 | |a INST |b CHIOS |e 20110921 |h 428.202465 TUL |p 005200033803 |q 005200033803 |t BK |y 0 | ||
| 852 | |a INST |b CHIOS |e 20110921 |h 428.202465 TUL |p 005200033811 |q 005200033811 |t BK |y 0 | ||
| 852 | |a INST |b CHIOS |e 20110921 |h 428.202465 TUL |p 005200033812 |q 005200033812 |t BK |y 0 | ||
| 852 | |a INST |b CHIOS |e 20110921 |h 428.202465 TUL |p 005200033813 |q 005200033813 |t BK |y 0 | ||
| 852 | |a INST |b CHIOS |e 20110921 |h 428.202465 TUL |p 005200033814 |q 005200033814 |t BK |y 0 | ||
| 852 | |a INST |b CHIOS |e 20110921 |h 428.202465 TUL |p 005200033815 |q 005200033815 |t BK |y 0 | ||
| 852 | |a INST |b CHIOS |e 20110921 |h 428.202465 TUL |p 005200033817 |q 005200033817 |t BK |y 0 | ||
| 852 | |a INST |b CHIOS |e 20110921 |h 428.202465 TUL |p 005200033818 |q 005200033818 |t BK |y 0 | ||
| 852 | |a INST |b CHIOS |e 20110921 |h 428.202465 TUL |p 005200033820 |q 005200033820 |t BK |y 12 | ||
| 852 | |a INST |b CHIOS |e 20110921 |h 428.202465 TUL |p 005200033840 |q 005200033840 |t BK |y 0 | ||
| 852 | |a INST |b CHIOS |e 20110921 |h 428.202465 TUL |p 005200033841 |q 005200033841 |t BK |y 0 | ||
| 852 | |a INST |b CHIOS |e 20110921 |h 428.202465 TUL |p 005200033842 |q 005200033842 |t BK |y 0 | ||
| 852 | |a INST |b CHIOS |e 20110920 |h 428.202465 TUL |p 005200033846 |q 005200033846 |t BK |y 0 | ||
| 852 | |a INST |b CHIOS |e 20110920 |h 428.202465 TUL |p 005200033847 |q 005200033847 |t BK |y 0 | ||
| 852 | |a INST |b CHIOS |e 20110920 |h 428.202465 TUL |p 005200033848 |q 005200033848 |t BK |y 4 |x 20130220 | ||
| 852 | |a INST |b CHIOS |e 20110920 |h 428.202465 TUL |p 005200033849 |q 005200033849 |t BK |y 0 | ||
| 852 | |a INST |b CHIOS |e 20110920 |h 428.202465 TUL |p 005200033850 |q 005200033850 |t BK |y 0 | ||
| 852 | |a INST |b CHIOS |e 20110920 |h 428.202465 TUL |p 005200033875 |q 005200033875 |t BK |y 0 | ||
| 852 | |a INST |b CHIOS |e 20110920 |h 428.202465 TUL |p 005200033876 |q 005200033876 |t BK |y 0 | ||
| 852 | |a INST |b CHIOS |e 20110920 |h 428.202465 TUL |p 005200033877 |q 005200033877 |t BK |y 0 | ||
| 852 | |a INST |b CHIOS |e 20110920 |h 428.202465 TUL |p 005200033878 |q 005200033878 |t BK |y 0 | ||
| 852 | |a INST |b CHIOS |e 20110920 |h 428.202465 TUL |p 005200033879 |q 005200033879 |t BK |y 4 |x 20140131 | ||
| 852 | |a INST |b CHIOS |e 20110920 |h 428.202465 TUL |p 005200033880 |q 005200033880 |t BK |y 0 | ||
| 852 | |a INST |b CHIOS |e 20110920 |h 428.202465 TUL |p 005200033881 |q 005200033881 |t BK |y 0 | ||
| 852 | |a INST |b CHIOS |e 20110920 |h 428.202465 TUL |p 005200033882 |q 005200033882 |t BK |y 0 | ||
| 852 | |a INST |b CHIOS |e 20110921 |h 428.202465 TUL |p 005200033887 |q 005200033887 |t BK |y 12 | ||
| 852 | |a INST |b CHIOS |e 20110920 |h 428.202465 TUL |p 005200033888 |q 005200033888 |t BK |y 0 | ||
| 852 | |a INST |b CHIOS |e 20110920 |h 428.202465 TUL |p 005200033889 |q 005200033889 |t BK |y 0 | ||
| 852 | |a INST |b CHIOS |e 20110920 |h 428.202465 TUL |p 005200033890 |q 005200033890 |t BK |y 4 |x 20130220 | ||
| 852 | |a INST |b CHIOS |e 20110920 |h 428.202465 TUL |p 005200033891 |q 005200033891 |t BK |y 0 | ||
| 852 | |a INST |b CHIOS |e 20110920 |h 428.202465 TUL |p 005200033892 |q 005200033892 |t BK |y 4 |x 20170228 | ||
| 852 | |a INST |b CHIOS |e 20110920 |h 428.202465 TUL |p 005200033902 |q 005200033902 |t BK |y 4 |x 20140630 | ||
| 852 | |a INST |b CHIOS |e 20110921 |h 428.202465 TUL |p 005200033903 |q 005200033903 |t BK |y 0 | ||
| 852 | |a INST |b CHIOS |e 20110920 |h 428.202465 TUL |p 005200033904 |q 005200033904 |t BK |y 0 | ||
| 852 | |a INST |b CHIOS |e 20110920 |h 428.202465 TUL |p 005200033905 |q 005200033905 |t BK |y 12 | ||
| 852 | |a INST |b CHIOS |e 20110920 |h 428.202465 TUL |p 005200033906 |q 005200033906 |t BK |y 0 | ||
| 852 | |a INST |b CHIOS |e 20110920 |h 428.202465 TUL |p 005200033907 |q 005200033907 |t BK |y 0 | ||
| 852 | |a INST |b CHIOS |e 20110920 |h 428.202465 TUL |p 005200033908 |q 005200033908 |t BK |y 0 | ||
| 852 | |a INST |b CHIOS |e 20110920 |h 428.202465 TUL |p 005200033909 |q 005200033909 |t BK |y 0 | ||
| 852 | |a INST |b CHIOS |e 20110920 |h 428.202465 TUL |p 005200033910 |q 005200033910 |t BK |y 4 |x 20130220 | ||
| 852 | |a INST |b CHIOS |e 20110920 |h 428.202465 TUL |p 005200033911 |q 005200033911 |t BK |y 0 | ||
| 852 | |a INST |b CHIOS |e 20110920 |h 428.202465 TUL |p 005200033940 |q 005200033940 |t BK |y 0 | ||
| 852 | |a INST |b CHIOS |e 20110920 |h 428.202465 TUL |p 005200033941 |q 005200033941 |t BK |y 0 | ||
| 852 | |a INST |b CHIOS |e 20110920 |h 428.202465 TUL |p 005200033942 |q 005200033942 |t BK |y 0 | ||
| 852 | |a INST |b CHIOS |e 20110920 |h 428.202465 TUL |p 005200033952 |q 005200033952 |t BK |y 0 | ||
| 852 | |a INST |b CHIOS |e 20110920 |h 428.202465 TUL |p 005200033954 |q 005200033954 |t BK |y 0 | ||
| 852 | |a INST |b CHIOS |e 20110920 |h 428.202465 TUL |p 005200033955 |q 005200033955 |t BK |y 4 |x 20160219 | ||
| 852 | |a INST |b CHIOS |e 20110920 |h 428.202465 TUL |p 005200033956 |q 005200033956 |t BK |y 0 | ||
| 852 | |a INST |b CHIOS |e 20110920 |h 428.202465 TUL |p 005200033957 |q 005200033957 |t BK |y 0 | ||
| 852 | |a INST |b CHIOS |e 20110920 |h 428.202465 TUL |p 005200033958 |q 005200033958 |t BK |y 0 | ||
| 852 | |a INST |b CHIOS |e 20110920 |h 428.202465 TUL |p 005200033959 |q 005200033959 |t BK |y 4 |x 20140131 | ||
| 852 | |a INST |b CHIOS |e 20110920 |h 428.202465 TUL |p 005200033960 |q 005200033960 |t BK |y 0 | ||
| 852 | |a INST |b CHIOS |e 20110920 |h 428.202465 TUL |p 005200033961 |q 005200033961 |t BK |y 0 | ||
| 852 | |a INST |b CHIOS |e 20110920 |h 428.202465 TUL |p 005200033962 |q 005200033962 |t BK |y 0 | ||
| 852 | |a INST |b CHIOS |e 20110920 |h 428.202465 TUL |p 005200033963 |q 005200033963 |t BK |y 0 | ||
| 852 | |a INST |b CHIOS |e 20110920 |h 428.202465 TUL |p 005200033964 |q 005200033964 |t BK |y 0 | ||
| 852 | |a INST |b CHIOS |e 20110920 |h 428.202465 TUL |p 005200033965 |q 005200033965 |t BK |y 0 | ||
| 852 | |a INST |b CHIOS |e 20110916 |h 428.202465 TUL |p 005200033999 |q 005200033999 |t BK |y 4 |x 20130220 | ||
| 852 | |a INST |b CHIOS |e 20110916 |h 428.202465 TUL |p 005200034000 |q 005200034000 |t BK |y 0 | ||
| 852 | |a INST |b CHIOS |e 20110916 |h 428.202465 TUL |p 005200034001 |q 005200034001 |t BK |y 0 | ||
| 852 | |a INST |b CHIOS |e 20110916 |h 428.202465 TUL |p 005200034002 |q 005200034002 |t BK |y 0 | ||
| 852 | |a INST |b CHIOS |e 20110916 |h 428.202465 TUL |p 005200034003 |q 005200034003 |t BK |y 4 |x 20160219 | ||
| 852 | |a INST |b CHIOS |e 20110916 |h 428.202465 TUL |p 005200034004 |q 005200034004 |t BK |y 0 | ||
| 852 | |a INST |b CHIOS |e 20110916 |h 428.202465 TUL |p 005200034005 |q 005200034005 |t BK |y 0 | ||
| 852 | |a INST |b CHIOS |e 20110916 |h 428.202465 TUL |p 005200034006 |q 005200034006 |t BK |y 0 | ||
| 852 | |a INST |b CHIOS |e 20110916 |h 428.202465 TUL |p 005200034007 |q 005200034007 |t BK |y 0 | ||
| 852 | |a INST |b CHIOS |e 20110916 |h 428.202465 TUL |p 005200034008 |q 005200034008 |t BK |y 0 | ||
| 852 | |a INST |b CHIOS |e 20110916 |h 428.202465 TUL |p 005200034009 |q 005200034009 |t BK |y 0 | ||
| 852 | |a INST |b CHIOS |e 20110916 |h 428.202465 TUL |p 005200034010 |q 005200034010 |t BK |y 0 | ||
| 852 | |a INST |b CHIOS |e 20110916 |h 428.202465 TUL |p 005200034011 |q 005200034011 |t BK |y 0 | ||
| 852 | |a INST |b CHIOS |e 20110916 |h 428.202465 TUL |p 005200034012 |q 005200034012 |t BK |y 0 | ||
| 852 | |a INST |b CHIOS |e 20110916 |h 428.202465 TUL |p 005200034013 |q 005200034013 |t BK |y 0 | ||
| 852 | |a INST |b CHIOS |e 20110916 |h 428.202465 TUL |p 005200034014 |q 005200034014 |t BK |y 0 | ||
| 852 | |a INST |b CHIOS |e 20110916 |h 428.202465 TUL |p 005200034015 |q 005200034015 |t BK |y 0 | ||
| 852 | |a INST |b CHIOS |e 20110916 |h 428.202465 TUL |p 005200034016 |q 005200034016 |t BK |y 0 | ||
| 852 | |a INST |b CHIOS |e 20110915 |h 428.202465 TUL |p 005200034039 |q 005200034039 |t BK |y 0 | ||
| 852 | |a INST |b CHIOS |e 20110915 |h 428.202465 TUL |p 005200034040 |q 005200034040 |t BK |y 0 | ||
| 852 | |a INST |b CHIOS |e 20110915 |h 428.202465 TUL |p 005200034041 |q 005200034041 |t BK |y 0 | ||
| 852 | |a INST |b CHIOS |e 20110915 |h 428.202465 TUL |p 005200034042 |q 005200034042 |t BK |y 0 | ||
| 852 | |a INST |b CHIOS |e 20110915 |h 428.202465 TUL |p 005200034043 |q 005200034043 |t BK |y 0 | ||
| 852 | |a INST |b CHIOS |e 20110915 |h 428.202465 TUL |p 005200034044 |q 005200034044 |t BK |y 4 |x 20120215 | ||
| 852 | |a INST |b CHIOS |e 20110915 |h 428.202465 TUL |p 005200034045 |q 005200034045 |t BK |y 0 | ||
| 852 | |a INST |b CHIOS |e 20110915 |h 428.202465 TUL |p 005200034046 |q 005200034046 |t BK |y 0 | ||
| 852 | |a INST |b CHIOS |e 20110915 |h 428.202465 TUL |p 005200034047 |q 005200034047 |t BK |y 0 | ||
| 852 | |a INST |b CHIOS |e 20110915 |h 428.202465 TUL |p 005200034048 |q 005200034048 |t BK |y 0 | ||
| 852 | |a INST |b CHIOS |e 20110915 |h 428.202465 TUL |p 005200034049 |q 005200038427 |t BK |y 4 |x 20190228 | ||
| 852 | |a INST |b CHIOS |e 20110915 |h 428.202465 TUL |p 005200034050 |q 005200034050 |t BK |y 0 | ||
| 852 | |a INST |b CHIOS |e 20110915 |h 428.202465 TUL |p 005200034051 |q 005200034051 |t BK |y 0 | ||
| 852 | |a INST |b CHIOS |e 20110915 |h 428.202465 TUL |p 005200034052 |q 005200034052 |t BK |y 4 |x 20120215 | ||
| 852 | |a INST |b CHIOS |e 20110915 |h 428.202465 TUL |p 005200034053 |q 005200034053 |t BK |y 0 | ||
| 852 | |a INST |b CHIOS |e 20110915 |h 428.202465 TUL |p 005200034054 |q 005200034054 |t BK |y 0 | ||
| 852 | |a INST |b CHIOS |e 20110915 |h 428.202465 TUL |p 005200034055 |q 005200034055 |t BK |y 0 | ||
| 852 | |a INST |b CHIOS |e 20110915 |h 428.202465 TUL |p 005200034056 |q 005200034056 |t BK |y 0 | ||
| 852 | |a INST |b CHIOS |e 20110915 |h 428.202465 TUL |p 005200034057 |q 005200034057 |t BK |y 0 | ||
| 852 | |a INST |b CHIOS |e 20110915 |h 428.202465 TUL |p 005200034058 |q 005200034058 |t BK |y 0 | ||
| 852 | |a INST |b CHIOS |e 20110915 |h 428.202465 TUL |p 005200034059 |q 005200034059 |t BK |y 4 |x 20140131 | ||
| 852 | |a INST |b CHIOS |e 20110915 |h 428.202465 TUL |p 005200034060 |q 005200034060 |t BK |y 12 | ||
| 852 | |a INST |b CHIOS |e 20110915 |h 428.202465 TUL |p 005200034061 |q 005200034061 |t BK |y 0 | ||
| 852 | |a INST |b CHIOS |e 20110916 |h 428.202465 TUL |p 005200034062 |q 005200034062 |t BK |y 0 | ||
| 852 | |a INST |b CHIOS |e 20110916 |h 428.202465 TUL |p 005200034063 |q 005200034063 |t BK |y 0 | ||
| 852 | |a INST |b CHIOS |e 20110916 |h 428.202465 TUL |p 005200034064 |q 005200034064 |t BK |y 0 | ||
| 852 | |a INST |b CHIOS |e 20110916 |h 428.202465 TUL |p 005200034065 |q 005200034065 |t BK |y 0 | ||
| 852 | |a INST |b CHIOS |e 20110916 |h 428.202465 TUL |p 005200034066 |q 005200034066 |t BK |y 0 | ||
| 852 | |a INST |b CHIOS |e 20110916 |h 428.202465 TUL |p 005200034067 |q 005200034067 |t BK |y 0 | ||
| 852 | |a INST |b CHIOS |e 20110916 |h 428.202465 TUL |p 005200034068 |q 005200034068 |t BK |y 0 | ||
| 852 | |a INST |b CHIOS |e 20130115 |h 428.202465 TUL |p 005200035551 |q 005200035551 |t BK |y 0 | ||
| 852 | |a INST |b CHIOS |e 20130115 |h 428.202465 TUL |p 005200035552 |q 005200035552 |t BK |y 0 | ||
| 852 | |a INST |b CHIOS |e 20130115 |h 428.202465 TUL |p 005200035553 |q 005200035553 |t BK |y 0 | ||
| 852 | |a INST |b CHIOS |e 20130115 |h 428.202465 TUL |p 005200035554 |q 005200035554 |t BK |y 0 | ||
| 852 | |a INST |b CHIOS |e 20130115 |h 428.202465 TUL |p 005200035555 |q 005200035555 |t BK |y 0 | ||
| 852 | |a INST |b CHIOS |e 20130115 |h 428.202465 TUL |p 005200035556 |q 005200035556 |t BK |y 0 | ||
| 852 | |a INST |b CHIOS |e 20130115 |h 428.202465 TUL |p 005200035557 |q 005200035557 |t BK |y 0 | ||
| 852 | |a INST |b CHIOS |e 20130115 |h 428.202465 TUL |p 005200035558 |q 005200035558 |t BK |y 0 | ||
| 852 | |a INST |b CHIOS |e 20130115 |h 428.202465 TUL |p 005200035559 |q 005200035559 |t BK |y 0 | ||
| 852 | |a INST |b CHIOS |e 20130115 |h 428.202465 TUL |p 005200035560 |q 005200035560 |t BK |y 0 | ||
| 852 | |a INST |b CHIOS |e 20130115 |h 428.202465 TUL |p 005200035561 |q 005200035561 |t BK |y 0 | ||
| 852 | |a INST |b CHIOS |e 20130115 |h 428.202465 TUL |p 005200035562 |q 005200035562 |t BK |y 4 |x 20150216 | ||
| 852 | |a INST |b CHIOS |e 20130115 |h 428.202465 TUL |p 005200035563 |q 005200035563 |t BK |y 0 | ||
| 852 | |a INST |b CHIOS |e 20130115 |h 428.202465 TUL |p 005200035564 |q 005200035564 |t BK |y 0 | ||
| 852 | |a INST |b CHIOS |e 20130115 |h 428.202465 TUL |p 005200035565 |q 005200035565 |t BK |y 0 | ||
| 852 | |a INST |b CHIOS |e 20130115 |h 428.202465 TUL |p 005200035566 |q 005200035566 |t BK |y 0 | ||
| 852 | |a INST |b CHIOS |e 20130115 |h 428.202465 TUL |p 005200035567 |q 005200035567 |t BK |y 0 | ||
| 852 | |a INST |b CHIOS |e 20130115 |h 428.202465 TUL |p 005200035568 |q 005200035568 |t BK |y 0 | ||
| 852 | |a INST |b CHIOS |e 20130115 |h 428.202465 TUL |p 005200035569 |q 005200035569 |t BK |y 0 | ||
| 852 | |a INST |b CHIOS |e 20130115 |h 428.202465 TUL |p 005200035570 |q 005200035570 |t BK |y 0 | ||
| 852 | |a INST |b CHIOS |e 20130115 |h 428.202465 TUL |p 005200035571 |q 005200035571 |t BK |y 0 | ||
| 852 | |a INST |b CHIOS |e 20130115 |h 428.202465 TUL |p 005200035572 |q 005200035572 |t BK |y 0 | ||
| 852 | |a INST |b CHIOS |e 20130115 |h 428.202465 TUL |p 005200035573 |q 005200035573 |t BK |y 4 |x 20170228 | ||
| 852 | |a INST |b CHIOS |e 20130115 |h 428.202465 TUL |p 005200035574 |q 005200035574 |t BK |y 0 | ||
| 852 | |a INST |b CHIOS |e 20130115 |h 428.202465 TUL |p 005200035575 |q 005200035575 |t BK |y 4 |x 20160219 | ||
| 852 | |a INST |b CHIOS |e 20130115 |h 428.202465 TUL |p 005200035576 |q 005200035576 |t BK |y 0 | ||
| 852 | |a INST |b CHIOS |e 20130115 |h 428.202465 TUL |p 005200035577 |q 005200035577 |t BK |y 0 | ||
| 852 | |a INST |b CHIOS |e 20130115 |h 428.202465 TUL |p 005200035586 |q 005200035586 |t BK |y 0 | ||
| 852 | |a INST |b CHIOS |e 20130115 |h 428.202465 TUL |p 005200035587 |q 005200035587 |t BK |y 0 | ||
| 852 | |a INST |b CHIOS |e 20130115 |h 428.202465 TUL |p 005200035588 |q 005200035588 |t BK |y 0 | ||
| 852 | |a INST |b CHIOS |e 20130115 |h 428.202465 TUL |p 005200035589 |q 005200035589 |t BK |y 0 | ||
| 852 | |a INST |b CHIOS |e 20141006 |h 428.202465 TUL |p 005200036813 |q 005200036813 |t BK |y 0 | ||
| 852 | |a INST |b CHIOS |e 20141006 |h 428.202465 TUL |p 005200036814 |q 005200036814 |t BK |y 0 | ||
| 852 | |a INST |b CHIOS |e 20141006 |h 428.202465 TUL |p 005200036815 |q 005200036815 |t BK |y 0 | ||
| 852 | |a INST |b CHIOS |e 20141006 |h 428.202465 TUL |p 005200036816 |q 005200036816 |t BK |y 4 |x 20160219 | ||
| 852 | |a INST |b CHIOS |e 20141006 |h 428.202465 TUL |p 005200036817 |q 005200036817 |t BK |y 0 | ||
| 852 | |a INST |b CHIOS |e 20141006 |h 428.202465 TUL |p 005200036818 |q 005200036818 |t BK |y 0 | ||
| 852 | |a INST |b CHIOS |e 20141006 |h 428.202465 TUL |p 005200036819 |q 005200036819 |t BK |y 0 | ||
| 852 | |a INST |b CHIOS |e 20141006 |h 428.202465 TUL |p 005200036820 |q 005200036820 |t BK |y 4 |x 20160219 | ||
| 852 | |a INST |b CHIOS |e 20141006 |h 428.202465 TUL |p 005200036821 |q 005200036821 |t BK |y 0 | ||
| 852 | |a INST |b CHIOS |e 20141006 |h 428.202465 TUL |p 005200036822 |q 005200036822 |t BK |y 4 |x 20150216 | ||
| 852 | |a INST |b CHIOS |e 20151016 |h 428.202465 TUL |p 005200037977 |q 005200037977 |t BK |y 0 | ||
| 852 | |a INST |b CHIOS |e 20151016 |h 428.202465 TUL |p 005200037978 |q 005200037978 |t BK |y 12 | ||
| 852 | |a INST |b CHIOS |e 20151016 |h 428.202465 TUL |p 005200037979 |q 005200037979 |t BK |y 0 | ||
| 852 | |a INST |b CHIOS |e 20151016 |h 428.202465 TUL |p 005200037980 |q 005200037980 |t BK |y 0 | ||
| 852 | |a INST |b CHIOS |e 20151016 |h 428.202465 TUL |p 005200037981 |q 005200037981 |t BK |y 0 | ||
| 852 | |a INST |b CHIOS |e 20151016 |h 428.202465 TUL |p 005200037982 |q 005200037982 |t BK |y 0 | ||
| 852 | |a INST |b CHIOS |e 20151016 |h 428.202465 TUL |p 005200037983 |q 005200037983 |t BK |y 4 |x 20160630 | ||
| 852 | |a INST |b CHIOS |e 20151016 |h 428.202465 TUL |p 005200037985 |q 005200037985 |t BK |y 12 | ||
| 852 | |a INST |b CHIOS |e 20151016 |h 428.202465 TUL |p 005200037986 |q 005200037986 |t BK |y 12 | ||
| 852 | |a INST |b CHIOS |e 20151016 |h 428.202465 TUL |p 005200037987 |q 005200037987 |t BK |y 0 | ||
| 852 | |a INST |b CHIOS |e 20171012 |h 428.202465 TUL |p 005200038468 |q 005200038468 |t BK |y 4 |x 20190228 | ||
| 901 | |a BIBL2-2011-3 | ||
| 901 | |a BIBL2-2013-1 | ||
| 901 | |a BIBL2-2014-3 | ||
| 909 | |a Χ |b 149790 | ||
| 909 | |a Χ |b 175245 | ||
| 909 | |a Χ |b 175244 | ||
| 909 | |a Χ |b 175243 | ||
| 909 | |a Χ |b 175242 | ||
| 909 | |a Χ |b 175241 | ||
| 909 | |a Χ |b 168752 | ||
| 909 | |a Χ |b 168753 | ||
| 909 | |a Χ |b 175240 | ||
| 909 | |a Χ |b 175239 | ||
| 909 | |a Χ |b 175238 | ||
| 909 | |a Χ |b 175237 | ||
| 909 | |a Χ |b 168754 | ||
| 909 | |a Χ |b 168755 | ||
| 909 | |a Χ |b 168756 | ||
| 909 | |a Χ |b 168757 | ||
| 909 | |a Χ |b 168758 | ||
| 909 | |a Χ |b 168759 | ||
| 909 | |a Χ |b 168760 | ||
| 909 | |a Χ |b 168761 | ||
| 909 | |a Χ |b 168762 | ||
| 909 | |a Χ |b 168763 | ||
| 909 | |a Χ |b 168764 | ||
| 909 | |a Χ |b 168765 | ||
| 909 | |a Χ |b 168766 | ||
| 909 | |a Χ |b 168767 | ||
| 909 | |a Χ |b 168768 | ||
| 909 | |a Χ |b 168769 | ||
| 909 | |a Χ |b 168770 | ||
| 909 | |a Χ |b 168654 | ||
| 909 | |a Χ |b 168653 | ||
| 909 | |a Χ |b 168652 | ||
| 909 | |a Χ |b 168650 | ||
| 909 | |a Χ |b 168651 | ||
| 909 | |a Χ |b 168659 | ||
| 909 | |a Χ |b 168658 | ||
| 909 | |a Χ |b 168657 | ||
| 909 | |a Χ |b 168656 | ||
| 909 | |a Χ |b 168655 | ||
| 909 | |a Χ |b 168664 | ||
| 909 | |a Χ |b 168600 | ||
| 909 | |a Χ |b 168661 | ||
| 909 | |a Χ |b 168663 | ||
| 909 | |a Χ |b 168662 | ||
| 909 | |a Χ |b 168679 | ||
| 909 | |a Χ |b 168680 | ||
| 909 | |a Χ |b 168681 | ||
| 909 | |a Χ |b 168667 | ||
| 909 | |a Χ |b 168666 | ||
| 909 | |a Χ |b 168665 | ||
| 909 | |a Χ |b 149791 | ||
| 909 | |a Χ |b 149792 | ||
| 909 | |a Χ |b 149793 | ||
| 909 | |a Χ |b 149794 | ||
| 909 | |a Χ |b 149795 | ||
| 909 | |a Χ |b 149796 | ||
| 909 | |a Χ |b 149797 | ||
| 909 | |a Χ |b 149798 | ||
| 909 | |a Χ |b 149799 | ||
| 909 | |a Χ |b 149800 | ||
| 909 | |a Χ |b 149801 | ||
| 909 | |a Χ |b 149814 | ||
| 909 | |a Χ |b 149815 | ||
| 909 | |a Χ |b 149816 | ||
| 909 | |a Χ |b 149817 | ||
| 909 | |a Χ |b 149818 | ||
| 909 | |a Χ |b 149819 | ||
| 909 | |a Χ |b 149820 | ||
| 909 | |a Χ |b 149821 | ||
| 909 | |a Χ |b 149822 | ||
| 909 | |a Χ |b 149823 | ||
| 909 | |a Χ |b 149824 | ||
| 909 | |a Χ |b 149825 | ||
| 909 | |a Χ |b 149826 | ||
| 909 | |a Χ |b 149827 | ||
| 909 | |a Χ |b 149828 | ||
| 909 | |a Χ |b 149829 | ||
| 909 | |a Χ |b 149835 | ||
| 909 | |a Χ |b 149836 | ||
| 909 | |a Χ |b 149837 | ||
| 909 | |a Χ |b 149838 | ||
| 909 | |a Χ |b 149839 | ||
| 909 | |a Χ |b 149840 | ||
| 909 | |a Χ |b 149875 | ||
| 909 | |a Χ |b 149874 | ||
| 909 | |a Χ |b 149873 | ||
| 909 | |a Χ |b 149872 | ||
| 909 | |a Χ |b 149880 | ||
| 909 | |a Χ |b 149876 | ||
| 909 | |a Χ |b 149877 | ||
| 909 | |a Χ |b 149878 | ||
| 909 | |a Χ |b 149879 | ||
| 909 | |a Χ |b 149871 | ||
| 909 | |a Χ |b 149870 | ||
| 909 | |a Χ |b 149869 | ||
| 909 | |a Χ |b 149868 | ||
| 909 | |a Χ |b 149867 | ||
| 909 | |a Χ |b 149866 | ||
| 909 | |a Χ |b 149865 | ||
| 909 | |a Χ |b 149864 | ||
| 909 | |a Χ |b 149863 | ||
| 909 | |a Χ |b 149915 | ||
| 909 | |a Χ |b 149916 | ||
| 909 | |a Χ |b 149917 | ||
| 909 | |a Χ |b 149918 | ||
| 909 | |a Χ |b 149919 | ||
| 909 | |a Χ |b 149920 | ||
| 909 | |a Χ |b 149921 | ||
| 909 | |a Χ |b 149923 | ||
| 909 | |a Χ |b 149924 | ||
| 909 | |a Χ |b 149925 | ||
| 909 | |a Χ |b 149926 | ||
| 909 | |a Χ |b 149937 | ||
| 909 | |a Χ |b 149938 | ||
| 909 | |a Χ |b 149939 | ||
| 909 | |a Χ |b 149940 | ||
| 909 | |a Χ |b 149969 | ||
| 909 | |a Χ |b 149970 | ||
| 909 | |a Χ |b 149971 | ||
| 909 | |a Χ |b 149972 | ||
| 909 | |a Χ |b 149973 | ||
| 909 | |a Χ |b 149974 | ||
| 909 | |a Χ |b 149975 | ||
| 909 | |a Χ |b 149976 | ||
| 909 | |a Χ |b 149977 | ||
| 909 | |a Χ |b 149978 | ||
| 909 | |a Χ |b 149979 | ||
| 909 | |a Χ |b 149980 | ||
| 909 | |a Χ |b 149981 | ||
| 909 | |a Χ |b 149982 | ||
| 909 | |a Χ |b 149983 | ||
| 909 | |a Χ |b 149985 | ||
| 909 | |a Χ |b 149986 | ||
| 909 | |a Χ |b 149987 | ||
| 909 | |a Χ |b 149988 | ||
| 909 | |a Χ |b 149992 | ||
| 909 | |a Χ |b 149993 | ||
| 909 | |a Χ |b 149994 | ||
| 909 | |a Χ |b 149995 | ||
| 909 | |a Χ |b 150000 | ||
| 909 | |a Χ |b 168340 | ||
| 909 | |a Χ |b 168341 | ||
| 909 | |a Χ |b 168342 | ||
| 909 | |a Χ |b 168343 | ||
| 909 | |a Χ |b 168365 | ||
| 909 | |a Χ |b 168381 | ||
| 909 | |a Χ |b 168382 | ||
| 909 | |a Χ |b 168384 | ||
| 909 | |a Χ |b 168385 | ||
| 909 | |a Χ |b 168392 | ||
| 909 | |a Χ |b 168402 | ||
| 909 | |a Χ |b 168403 | ||
| 909 | |a Χ |b 168404 | ||
| 909 | |a Χ |b 168404 | ||
| 909 | |a Χ |b 168406 | ||
| 909 | |a Χ |b 168405 | ||
| 909 | |a Χ |b 168408 | ||
| 909 | |a Χ |b 168409 | ||
| 909 | |a Χ |b 168410 | ||
| 909 | |a Χ |b 168411 | ||
| 909 | |a Χ |b 168416 | ||
| 909 | |a Χ |b 168417 | ||
| 909 | |a Χ |b 168418 | ||
| 909 | |a Χ |b 168426 | ||
| 909 | |a Χ |b 168427 | ||
| 909 | |a Χ |b 168428 | ||
| 909 | |a Χ |b 168429 | ||
| 909 | |a Χ |b 168430 | ||
| 909 | |a Χ |b 168432 | ||
| 909 | |a Χ |b 168433 | ||
| 909 | |a Χ |b 168649 | ||
| 909 | |a Χ |b 168677 | ||
| 909 | |a Χ |b 168676 | ||
| 909 | |a Χ |b 168675 | ||
| 909 | |a Χ |b 168674 | ||
| 909 | |a Χ |b 168673 | ||
| 909 | |a Χ |b 168672 | ||
| 909 | |a Χ |b 168671 | ||
| 909 | |a Χ |b 168670 | ||
| 909 | |a Χ |b 168669 | ||
| 909 | |a Χ |b 168668 | ||
| 909 | |a Χ |b 168720 | ||
| 909 | |a Χ |b 168721 | ||
| 909 | |a Χ |b 168722 | ||
| 909 | |a Χ |b 168723 | ||
| 909 | |a Χ |b 168724 | ||
| 909 | |a Χ |b 168725 | ||
| 909 | |a Χ |b 168726 | ||
| 909 | |a Χ |b 168727 | ||
| 909 | |a Χ |b 168728 | ||
| 909 | |a Χ |b 168729 | ||
| 909 | |a Χ |b 168730 | ||
| 909 | |a Χ |b 168731 | ||
| 909 | |a Χ |b 168732 | ||
| 909 | |a Χ |b 168733 | ||
| 909 | |a Χ |b 168734 | ||
| 909 | |a Χ |b 168735 | ||
| 909 | |a Χ |b 168736 | ||
| 909 | |a Χ |b 168737 | ||
| 909 | |a Χ |b 168738 | ||
| 909 | |a Χ |b 168739 | ||
| 909 | |a Χ |b 168740 | ||
| 909 | |a Χ |b 168741 | ||
| 909 | |a Χ |b 168742 | ||
| 909 | |a Χ |b 168743 | ||
| 909 | |a Χ |b 168744 | ||
| 909 | |a Χ |b 168745 | ||
| 909 | |a Χ |b 168746 | ||
| 909 | |a Χ |b 168747 | ||
| 909 | |a Χ |b 168748 | ||
| 909 | |a Χ |b 168749 | ||
| 909 | |a Χ |b 168750 | ||
| 909 | |a Χ |b 168751 | ||
| 909 | |a Χ |b 175215 | ||
| 909 | |a Χ |b 175216 | ||
| 909 | |a Χ |b 175217 | ||
| 909 | |a Χ |b 175218 | ||
| 909 | |a Χ |b 175219 | ||
| 909 | |a Χ |b 175220 | ||
| 909 | |a Χ |b 175221 | ||
| 909 | |a Χ |b 175222 | ||
| 909 | |a Χ |b 175223 | ||
| 909 | |a Χ |b 175224 | ||
| 909 | |a Χ |b 175225 | ||
| 909 | |a Χ |b 175226 | ||
| 909 | |a Χ |b 175227 | ||
| 909 | |a Χ |b 175228 | ||
| 909 | |a Χ |b 175229 | ||
| 909 | |a Χ |b 180933 | ||
| 909 | |a Χ |b 180936 | ||
| 909 | |a Χ |b 180934 | ||
| 909 | |a Χ |b 180935 | ||
| 909 | |a Χ |b 180937 | ||
| 909 | |a Χ |b 180938 | ||
| 909 | |a Χ |b 180939 | ||
| 909 | |a Χ |b 180940 | ||
| 909 | |a Χ |b 180941 | ||
| 909 | |a Χ |b 180942 | ||
| 920 | |a ΤΜΗΜΑ ΔΙΟΙΚΗΣΗΣ ΕΠΙΧΕΙΡΗΣΕΩΝ |y ΧΙΟΣ |z 2011-09 | ||
| 920 | |a ΤΔΕ |y ΧΙΟΣ |z 2013-01 | ||
| 920 | |a ΤΜΗΜΑ ΝΑΥΤΙΛΙΑΣ ΚΑΙ ΕΠΙΧΕΙΡΗΜΑΤΙΚΩΝ ΥΠΗΡΕΣΙΩΝ |y ΧΙΟΣ |z 2011-09 | ||
| 920 | |a ΤΜΗΜΑ ΔΙΟΙΚΗΣΗΣ ΕΠΙΧΕΙΡΗΣΕΩΝ |y ΧΙΟΣ |z 2014-10 | ||
| 970 | |a ΣΠΕΝΤΖΑ |b ΕΛΕΝΗ |z 2011/09/13 | ||